000 00459cam a22001457a 4500
008 180718b1982 xxu||||| |||| 00| 0 eng d
082 _aB142x5444 K147
100 _aKhan, M. Ali
245 _aStatus of rural women in India: a study of Karanataka
_cby M. Ali Khan and Noor Ayesha
260 _aDelhi
_bUppal
_c1982
300 _a224p.
650 _aCommunity life, Rural - India - Karanataka
650 _aWomen - India - Karanataka
700 _aAyesha, Noor
999 _c347986
_d347986